Car Models by Picture #3 - Statistics

General Stats
  • This quiz has been taken 187 times
  • The average score is 6 of 12
Answer Stats
Picture Hint Answer % Correct
Audi A1
87%
Volkswagen Passat
85%
Toyota Aygo
59%
Jaguar E-Type
57%
Alfa Romeo 4C
56%
Citroën Saxo
44%
Ferrari 360
43%
Ford Capri
42%
Maserati GranTurismo
41%
Honda e
34%
Lexus IS 200
34%
Volvo C30
32%
No matching quizzes found
Score Distribution
Percent of People with Each Score
Percentile by Number Answered
Your Score History
You have not taken this quiz